Statistics for naruto quiz name as many as possible

Click here to take the quiz!

General Stats

  • This quiz has been taken 1,016 times
    (991 since last reset)
  • The average score is 37 of 84

Answer Stats

HintAnswer% Correct
naruto uzumaki
100%
sasuke uchiha
98%
leaderkakashi hatake
97%
sakura haruno
97%
ino yamanaka
89%
leaderasuma sarutobi
88%
shikamaru nara
88%
neji hyuga
87%
hinata hyuga
86%
choji akimichi
85%
rock lee
85%
leadermight guy
84%
tenten
82%
tsunade
81%
kurenai yuhi
78%
Kurenai Yuhi
78%
minato namikaze
78%
itachi uchiha
76%
shino aburame
75%
orochimaru
74%
hashirama senju
72%
hiruzen sarutobi
70%
tobirama senju
70%
obito uchiha
66%
deidara
65%
jiraiya
65%
gaara
64%
madara uchiha
62%
sasori
62%
konan
60%
kisame hosigake
59%
temari
59%
hidan
58%
sai
58%
kabuto yakushi
54%
kankuro
54%
kushina uzumaki
54%
yamato
53%
zetsu
52%
nagato
51%
Pain
47%
yahiko
44%
konohamaru sarutobi
42%
iruka umino
40%
Karin
39%
danzo shimura
38%
man and his best friendkiba inuzuka and akamaru
35%
shizune
34%
killer bee
32%
Suigetsu Hōzuki
32%
Jūgo
31%
zabuza momori
30%
haku
29%
chiyo
27%
rin noharu
27%
tayuya
25%
kimimaro
24%
Ibiki
21%
they can mergesakon and ukon
21%
jirobo
20%
kidomaru
20%
mei terumi
19%
Hayate
18%
inoichi yamanaka
18%
genma shirunai
14%
Kaguya Ōtsutsuki
14%
onoki
14%
boruto uzumaki
11%
kakazu
9%
sarada uchiha
9%
omoi
7%
Shukaku
7%
karui
6%
mu
6%
Chouza
4%
Himawari Uzumaki
4%
Ameyuri Ringo
2%
anko mitarashi
2%
3rd raikage
1%
4th raikage
1%
Shimon
1%
Tonbo
1%
Toneri Ōtsutsuki
1%
imuzo kamizuki
0%

Score Distribution

Percentile by Number Answered

Percent of People with Each Score

Your Score History

You have not taken this quiz since the last reset